[Event "CAN-ch U10"]
[Site "Windsor"]
[Date "2016.07.07"]
[Round "4.101"]
[White "Selvanayayam, Adithan"]
[Black "Xiong, Dawson"]
[Result "1-0"]
[WhiteElo "799"]
[BlackElo "671"]
[PlyCount "95"]
[EventDate "2016.07.05"]
[EventType "swiss"]
[EventRounds "7"]
[EventCountry "CAN"]
[SourceTitle "EXT 2022"]
[Source "ChessBase"]
[SourceDate "2021.10.06"]
[SourceVersion "1"]
[SourceVersionDate "2021.10.06"]
[SourceQuality "1"]

1. e4 e5 2. Nf3 Nc6 3. Bc4 Nf6 4. Ng5 d5 5. exd5 Nxd5 6. Nc3 Be6 7. Nxe6 fxe6 8. 0-0 Qd7 9. Re1 0-0-0 10. Nxd5 exd5 11. Bb5 Qe6 12. c3 Bc5 13. Bxc6 Qxc6 14. Rxe5 Qf6 15. d4 Rd7 16. Bg5 Qf7 17. dxc5 Rf8 18. Re2 Qf5 19. Bh4 Qg4 20. Re8+ Rxe8 21. Qxg4 h5 22. Qh3 a6 23. Qf5 g6 24. Qxg6 Rf8 25. Re1 Rdf7 26. Qxh5 b6 27. h3 Rf5 28. Qg4 Kb7 29. Re8 Rf4 30. Qg6 Rxe8 31. Qxe8 Rxh4 32. cxb6 cxb6 33. Qe7+ Kc6 34. Qxh4 b5 35. f4 b4 36. cxb4 d4 37. f5 d3 38. Qd4 a5 39. f6 d2 40. f7 d1Q+ 41. Qxd1 axb4 42. f8Q b3 43. axb3 Kb5 44. Qf4 Kc5 45. Qh5+ Kc6 46. Qf6+ Kd7 47. Qh7+ Ke8 48. Qfh8# 1-0

[Event "CAN-ch U10"]
[Site "Windsor"]
[Date "2016.07.06"]
[Round "3.101"]
[White "Ripley, Noah"]
[Black "Selvanayayam, Adithan"]
[Result "1-0"]
[WhiteElo "670"]
[BlackElo "799"]
[PlyCount "65"]
[EventDate "2016.07.05"]
[EventType "swiss"]
[EventRounds "7"]
[EventCountry "CAN"]
[SourceTitle "EXT 2022"]
[Source "ChessBase"]
[SourceDate "2021.10.06"]
[SourceVersion "1"]
[SourceVersionDate "2021.10.06"]
[SourceQuality "1"]

1. e4 e5 2. Nf3 Nc6 3. Bc4 Nf6 4. Nc3 Bb4 5. Nd5 Nxe4 6. a3 Ba5 7. b4 Bb6 8. 0-0 0-0 9. Qe2 Ng5 10. Nxe5 Nxe5 11. Qxe5 Re8 12. Qf4 Re4 13. Qg3 d6 14. d3 Rg4 15. Bxg5 Qxg5 16. Rae1 Bd7 17. Qf3 Rxg2+ 18. Qxg2 Bh3 19. Qxg5 Bxf1 20. Kxf1 h6 21. Ne7+ Kh8 22. Qh5 a5 23. Qxf7 axb4 24. axb4 Bd4 25. Kg2 Bc3 26. Rc1 Bxb4 27. Ra1 Rb8 28. Rb1 Bc5 29. Rxb7 Ra8 30. Rxc7 d5 31. Bxd5 Bxe7 32. Bxa8 Bd6 33. Qxg7# 1-0